A bankrendszer és "stakeholderei" - verseny a bankszektorban
A piacgazdaság alapintézménye a verseny, amely nem öncélú, hanem a fogyasztók érdekeit szolgálja. A bankszektor speciális része a gazdaságnak, hiszen a pézközvetítés minden más vállalkozáshoz képest eltérő mértékű bizalmon alapul. Az ügyfelek vakon rábízzák pénzüket a pénzintézetekre, és bíznak abba...
Elmentve itt :
| Szerző: | |
|---|---|
| Dokumentumtípus: | Könyv része |
| Megjelent: |
2006
|
| Sorozat: | SZTE Gazdaságtudományi Kar közleményei
5 A bankszektor és stakeholderei 5 |
| Kulcsszavak: | Bankügy - Magyarország |
| Tárgyszavak: | |
| Online Access: | http://acta.bibl.u-szeged.hu/5671 |
| LEADER | 01892naa a2200229 i 4500 | ||
|---|---|---|---|
| 001 | acta5671 | ||
| 005 | 20220209080929.0 | ||
| 008 | 161015s2006 hu o 0|| hun d | ||
| 022 | |a 1588-8533 | ||
| 040 | |a SZTE Egyetemi Kiadványok Repozitórium |b hun | ||
| 041 | |a hun | ||
| 100 | 1 | |a Botos Katalin | |
| 245 | 1 | 2 | |a A bankrendszer és "stakeholderei" - verseny a bankszektorban |h [elektronikus dokumentum] / |c Botos Katalin |
| 260 | |c 2006 | ||
| 300 | |a 8-21 | ||
| 490 | 0 | |a SZTE Gazdaságtudományi Kar közleményei |v 5 | |
| 490 | 0 | |a A bankszektor és stakeholderei |v 5 | |
| 520 | 3 | |a A piacgazdaság alapintézménye a verseny, amely nem öncélú, hanem a fogyasztók érdekeit szolgálja. A bankszektor speciális része a gazdaságnak, hiszen a pézközvetítés minden más vállalkozáshoz képest eltérő mértékű bizalmon alapul. Az ügyfelek vakon rábízzák pénzüket a pénzintézetekre, és bíznak abban, hogy azt a kamatokkal együtt visszakapják. Ez indokolja a fogyasztóvédelem fokozott ellenőrzését. A prudenciális felügyelet, a biztonságos működés ellenőrzése során azonban nem zárható ki bizonyos ügyfélkörök érdeksérelme. A bankszektor versenyhelyzetének elemzéséhez be kell ágyazni a szektor tevékenységét a hazai gazdaságpolitikába. Elemezni kell a bankszektornak valamennyi „stakeholderéhez" való viszonyát, hiszen sajátos értelmezést kíván a szektornak, mint olyannak a versenyképességi elemzése. A bankok közötti verseny, a szolgáltatásokhoz való hozzáférés a vállalkozások szempontjából is lényeges, hiszen versenyelőnyt, de akár versenyhátrányt is okozhat a kialakított banki kapcsolat. | |
| 650 | 4 | |a Társadalomtudományok | |
| 650 | 4 | |a Közgazdasági és gazdálkodástudományok | |
| 695 | |a Bankügy - Magyarország | ||
| 856 | 4 | 0 | |u http://acta.bibl.u-szeged.hu/5671/1/gtk_2006_008-021.pdf |z Dokumentum-elérés |